Fr. Conceicao Rodrigues College of Engineering

The complete reference JAVA 2 (Record no. 33487)

MARC details
000 -LEADER
fixed length control field 00279nam a2200133Ia 4500
100 ## - MAIN ENTRY--PERSONAL NAME
Personal name Schildt/Herbert
250 ## - EDITION STATEMENT
Edition statement 5
245 ## - TITLE STATEMENT
Title The complete reference JAVA 2
260 ## - PUBLICATION, DISTRIBUTION, ETC.
Name of publisher, distributor, etc. Tata Mc Graw hill
Date of publication, distribution, etc. 2002
300 ## - PHYSICAL DESCRIPTION
Extent 1168
546 ## - LANGUAGE NOTE
Language note ENGLISH
654 ## - SUBJECT ADDED ENTRY--FACETED TOPICAL TERMS
Focus term java 2
942 ## - ADDED ENTRY ELEMENTS (KOHA)
Koha item type BOOK
Holdings
Withdrawn status Lost status Damaged status Not for loan Collection Home library Current library Date acquired Total Checkouts Full call number Barcode Date last seen Price effective from Koha item type
        CRC Fr. Agnel's C.Rodrigues College of Engineering Fr. Agnel's C.Rodrigues College of Engineering 17/03/2023   15833 17/03/2023 17/03/2023 BOOK